| 000 | 00969nam a22001937a 4500 | ||
|---|---|---|---|
| 999 |
_c62521 _d62521 |
||
| 005 | 20241128115138.0 | ||
| 008 | 241128s2024 ru ||||| |||| 00| 0 rus d | ||
| 020 | _a9785906897770 X | ||
| 080 | _a159.954 P-64 | ||
| 100 |
_aРозенберг, Маршалл _923806 _eавтор |
||
| 245 |
_aНенасильственное общение : _bЯзык жизни / _cМаршалл Розенберг ; перевод с английского И. Серебряковой., |
||
| 264 |
_aMoквa _bКнижное издательство ,,София" _c2024. |
||
| 300 |
_a285 стр; _b23 см. |
||
| 653 | _aНенасильственное общение : Язык жизни | ||
| 653 | _aარაძალადობრივი კომუნიკაცია: ცხოვრების ენა | ||
| 653 | _aფსიქოლოგია | ||
| 700 |
_a Серебряковой, И _eმთარგმნელი _923807 |
||
| 942 |
_2udc _cBK |
||